Crónicas del estallido (Registro nro. 307519)
[ vista simple ]
| 000 -ENCABEZADO | |
|---|---|
| Número de control [NR] | 00939nam a2200253 a 4500 |
| 001 - NÚMERO DE CONTROL | |
| control field | C01445479c-X |
| 005 - FECHA Y HORA DE LA ÚLTIMA TRANSACCIÓN | |
| control field | 20171103100705.0 |
| 008 - DE LONGITUD FIJA DE DATOS DE ELEMENTOS - INFORMACIÓN GENERAL | |
| Elementos de longitud fija [NR] | 171103s2013 sp gr 000 0 spa d |
| 020 ## - NUMERO INTERNACIONAL NORMALIZADO PARA LIBROS [R] | |
| Número Internacional Normalizado del libro [NR] | 9788498885552 |
| 040 ## - FUENTE DE CATALOGACION [NR] | |
| Agencia de catalogación original [NR] | CO-BoUCM |
| Idioma de catalogación [NR] | spa |
| Quien Cataloga | Saul Niño |
| Quien Clasifica | Saul Niño |
| 041 0# - CODIGO DE IDIOMA [R] | |
| Código de idioma para texto/pista de sonido o título separado [R] | Español |
| 100 1# - ASIENTO PRINCIPAL--NOMBRE PERSONAL [NR] | |
| Nombre personal [NR] | Cúneo, Martín |
| ID Autoridad | 88470 |
| 245 13 - MENCION DE TITULO [NR] | |
| Título [NR] | Crónicas del estallido |
| Parte restante del título [NR] | viaje a los movimientos sociales que cambiaron América Latina |
| Mención de responsabilidad, etc. [NR] | Martín Cúneo y Emma Gascó |
| 260 ## - PUBLICACION, DISTRIBUCION, ETC. (PIE DE IMPRENTA) [R] | |
| Lugar de publicación, distribución, etc. [R] | Barcelona |
| Nombre del editor, distribuidor, etc. [R] | Icaria Editorial |
| Fecha de publicación, distribución, etc. [R] | 2013 |
| 300 ## - DESCRIPCION FISICA [R] | |
| Extensión [R] | 406 páginas |
| 490 0# - MENCION DE SERIE [R] | |
| Mención de serie [R] | Antrazyt |
| Designación numérica/secuencial del volumen [NR] | 400 |
| 650 #7 - ASIENTO SECUNDARIO DE MATERIA - TERMINO TEMATICO [R] | |
| Término temático o nombre geográfico como elemento de entrada [NR] | Movimientos sociales |
| Subdivisión geográfica [R] | América Latina |
| 9 (RLIN) | 48190 |
| 650 #7 - ASIENTO SECUNDARIO DE MATERIA - TERMINO TEMATICO [R] | |
| Término temático o nombre geográfico como elemento de entrada [NR] | Clases sociales |
| Subdivisión geográfica [R] | América Latina |
| 9 (RLIN) | 54017 |
| 650 #7 - ASIENTO SECUNDARIO DE MATERIA - TERMINO TEMATICO [R] | |
| Término temático o nombre geográfico como elemento de entrada [NR] | Activistas de los derechos humanos |
| 9 (RLIN) | 8445 |
| Subdivisión de forma [R] | Entrevistas |
| 650 #7 - ASIENTO SECUNDARIO DE MATERIA - TERMINO TEMATICO [R] | |
| Término temático o nombre geográfico como elemento de entrada [NR] | Lideres cívicos |
| 9 (RLIN) | 18540 |
| Subdivisión de forma [R] | Entrevistas |
| 700 1# - ASIENTO SECUNDARIO - NOMBRE PERSONAL [R] | |
| Nombre personal [NR] | Gascó Falque, Emma |
| 9 (RLIN) | 88471 |
| 942 ## - ELEMENTOS DE ENTRADA AGREGADOS (KOHA) | |
| Sistema de clasificación | DEWEY |
| Tema principal | Sociología |
| Tipo de ítem principal el descrito en 300a | Libro |
| Edición | 1 |
| Clasificación | 303.484 |
| Parte restante de la signatura top. | C972c |
| Fecha de último préstamo | Total préstamos | Total Renewals | Signatura topográfica | Código de barras | Última vez visto | Ejemplar | Costo de reposición | Price effective from | Tipo de ítem | Perdido | Sistema de clasificación | Dañado | No prestable | Tipo de ítem específico | Suprimido | Ubicación habitual | Ubicación actual | Localización | Fecha de creación | Proveedor | Forma de adquisición | Costo |
|---|---|---|---|---|---|---|---|---|---|---|---|---|---|---|---|---|---|---|---|---|---|---|
| 11/03/2025 | 3 | 4 | 303.484 C972c | 100154969 | 09/12/2025 | Ej.1 | 54760.00 | 02/11/2017 | Libro | DEWEY | Libro | Claustro | Claustro | 2do piso | 02/11/2017 | 35 | Compra | 54760.00 |